000 00554nam a2200193 a 4500
001 1767860135918
003 YourLibrary
005 20260108150647.0
008 260108s1988##################000#0#eng##
020 _a9780415006279
082 0 4 _a301
_bROU.35
100 1 _aDocumentation, International Committee for Social Sciences,
_eauthor.
245 1 0 _aInternational Bibliography of Sociology :
260 _bPsychology Press,
_c1988.
300 _a448 pages
650 0 _aReference.
942 _cENGLISH
040 _aYourLibrary
_beng
_cYourLibrary
999 _c607874
_d607874